Missing Word: TV Shows with 'L' Quiz Stats

 Plays Quiz Updated Mar 22, 2013

Support Sporcle.
Go Orange.
Score 0/20 Timer 02:00
1 Play Today
Television Show Answer % Correct
______ House on the PrairieLittle
96.4%
The Weakest ____Link
95.8%
____ Make a DealLet's
95.3%
Grounded for ____Life
94.9%
____ Night with Conan O'BrienLate
93.9%
Whose ____ Is It Anyway?Line
91.2%
____ in SpaceLost
91.2%
_____ King LiveLarry
88.2%
Guiding _____Light
81.9%
Quantum ____Leap
81.6%
Television Show Answer % Correct
Press Your ____Luck
78.8%
Boston _____Legal
78%
___ to MeLie
75.6%
_______ and ShirleyLaverne
74.2%
Dexter's ___Lab
73.6%
The Outer ______Limits
73.2%
L. A. ___Law
72.4%
____ of the GiantsLand
66.9%
______ SingleLiving
52.9%
Parker _____ Can't LoseLewis
38.8%

Today's Daily Dose

Missing Word
'80s Musicals

Word Ladder
Hereditary

Get the Picture
Food Names

From the Vault

7-11 Countries

by coskuner

Now you'll always know where the nearest Slurpee is.
Remove Ads.
Support Sporcle.
Get the best of Sporcle when you Go Orange. This ad-free experience offers more features, more stats, and more fun while also helping to support Sporcle. Thank you for becoming a member.

Show Comments

Extras

Top Quizzes Today


Score Distribution

Your Account Isn't Verified!

In order to create a playlist on Sporcle, you need to verify the email address you used during registration. Go to your Sporcle Settings to finish the process.

Report this User

Report this user for behavior that violates our Community Guidelines.

Details: